000
00301nam a2200097Ia 4500
008
220204s9999 xx 000 0 und d
082
_a
62.001.5
_b
COM;2
245
0
_a
Compendium on in house R & D centres September 1988
260
_a
New Delhi
_b
Dept of Scientific & Industrial Research
_c
1988
942
_c
BK
999
_c
43300
_d
43300